000 00371nam a2200145Ia 4500
008 240624s9999 xx 000 0 und d
041 _aeng
082 _a658.4012 HUN
100 _aHUNGER J DAVID
245 _aESSENTIALS OF STRATEGIC MANAGEMENT
250 _a(5th ed.)
260 _c2015
_aNew Delhi
_bPearson
300 _axv, : 190 : p. : cm. ; 26
365 _cRS
_b33
999 _c24547
_d24547